| 000 | 00794nam a2200229 a 4500 | ||
|---|---|---|---|
| 003 | 0 | ||
| 005 | 20250207103606.0 | ||
| 008 | 130829s19uu xx 00 eng d | ||
| 050 |
_aPGS HM 742 _b.M357 2013 |
||
| 100 | _aMarquez, Maria Maal Venesa L. | ||
| 245 |
_aSocial networking and study habits / _cMaria Maal Venesa L. Marquez. |
||
| 260 |
_aLas PiƱas City, Philippines : _bSouthville International School and Colleges, _c2013. |
||
| 300 |
_a30 pages : _billustrations ; _c28 cm. |
||
| 504 | _aIncludes bibliographical references. | ||
| 650 | _aSocial networks. | ||
| 650 | _aOnline social networks. | ||
| 650 |
_aSocial media _vPsychological aspects. |
||
| 650 |
_aStudents _vSocial media use. |
||
| 650 | _aInternet and children. | ||
| 650 | _aStudy habits. | ||
| 942 |
_2lcc _cPASS |
||
| 999 |
_c99008 _d99008 |
||